| 000 | 00531nam a22001817a 4500 | ||
|---|---|---|---|
| 003 | CEME | ||
| 005 | 20210628210107.0 | ||
| 008 | 210211b xxu||||| |||| 00| 0 eng d | ||
| 020 | _a0-7680-0330-X | ||
| 040 | _c. | ||
| 082 | _a629.2-SAE COM | ||
| 100 |
_aBuckman, Leonard.C _978117 |
||
| 245 | _aCommercial vehicle braking systems,air brakes,abs and beyond | ||
| 260 |
_aUSA _bS _c1998 |
||
| 300 | _a170P | ||
| 650 |
_aBRAKING SYSTEMS AIR BRAKE SYST ANTI-LOCK BRAKE SYSTEM FUTURE BRAKE SYSTE ATC EBS _978118 |
||
| 942 |
_cBK _2ddc |
||
| 999 |
_c583269 _d583269 |
||